[Event "De los Reyes op 21st"]
[Site "De los Reyes"]
[Date "2019.12.07"]
[Round "8"]
[White "Nuevo Benitez, Miguel Angel"]
[Black "Garcia Minguez, Antonio"]
[Result "1-0"]
[WhiteElo "1707"]
[BlackElo "1542"]
[PlyCount "43"]
[EventDate "2019.11.30"]
[EventType "swiss"]
[EventRounds "9"]
[EventCountry "ESP"]
[SourceTitle "CBM 193 Extra"]
[Source "ChessBase"]
[SourceDate "2020.01.31"]
[SourceVersion "1"]
[SourceVersionDate "2020.01.31"]
[SourceQuality "1"]

1. b3 Nc6 2. Bb2 d5 3. e3 e5 4. Bb5 Bd6 5. Bxc6+ bxc6 6. d3 Nf6 7. Nd2 0-0 8. Qe2 a5 9. a4 Ba6 10. e4 dxe4 11. Nxe4 Nd5 12. 0-0-0 c5 13. g4 Nf4 14. Qe3 Ne6 15. Nf3 f6 16. h4 Bb7 17. h5 Bxe4 18. Qxe4 Ng5 19. Nxg5 fxg5 20. f3 Qe7 21. Rhf1 Rf4 22. Qxa8+ 1-0

[Event "De los Reyes op 21st"]
[Site "De los Reyes"]
[Date "2019.12.06"]
[Round "7"]
[White "De Vicente Guijarro, Juan"]
[Black "Nuevo Benitez, Miguel Angel"]
[Result "1/2-1/2"]
[WhiteElo "1853"]
[BlackElo "1707"]
[PlyCount "59"]
[EventDate "2019.11.30"]
[EventType "swiss"]
[EventRounds "9"]
[EventCountry "ESP"]
[SourceTitle "CBM 193 Extra"]
[Source "ChessBase"]
[SourceDate "2020.01.31"]
[SourceVersion "1"]
[SourceVersionDate "2020.01.31"]
[SourceQuality "1"]

1. e4 d6 2. d4 g6 3. Nf3 Bg7 4. Bc4 Nf6 5. Qe2 0-0 6. e5 dxe5 7. dxe5 Nd5 8. h3 c6 9. a4 a5 10. 0-0 b6 11. Re1 e6 12. Bd2 Ba6 13. Nc3 Bxc4 14. Qxc4 Nxc3 15. Qxc3 c5 16. Rad1 Qc7 17. Qc4 Nc6 18. Qe4 Rad8 19. Bc3 Nb4 20. Bxb4 axb4 21. Nd2 Rd4 22. Qe2 Rfd8 23. Nc4 Rxd1 24. Rxd1 Rxd1+ 25. Qxd1 Bxe5 26. Nxe5 Qxe5 27. Qd8+ Kg7 28. Qxb6 Qe1+ 29. Kh2 Qe5+ 30. Kg1 1/2-1/2

[Event "De los Reyes op 21st"]
[Site "De los Reyes"]
[Date "2019.12.03"]
[Round "4"]
[White "Pindado del Carmen, Eliseo"]
[Black "Nuevo Benitez, Miguel Angel"]
[Result "0-1"]
[WhiteElo "1531"]
[BlackElo "1707"]
[PlyCount "72"]
[EventDate "2019.11.30"]
[EventType "swiss"]
[EventRounds "9"]
[EventCountry "ESP"]
[SourceTitle "CBM 193 Extra"]
[Source "ChessBase"]
[SourceDate "2020.01.31"]
[SourceVersion "1"]
[SourceVersionDate "2020.01.31"]
[SourceQuality "1"]

1. d4 d6 2. Nf3 g6 3. c3 Bg7 4. Bf4 Nd7 5. e3 Ngf6 6. h3 c5 7. Nbd2 0-0 8. Be2 e5 9. Bg5 Qc7 10. dxe5 dxe5 11. Bh4 e4 12. Bg3 Qc6 13. Ne5 Nxe5 14. Bxe5 Rd8 15. Qc2 Re8 16. Bh2 Be6 17. Nc4 Bxc4 18. Bxc4 b5 19. Be2 c4 20. 0-0 Nd7 21. a4 a6 22. Rfd1 Ne5 23. Bxe5 Bxe5 24. axb5 axb5 25. Qd2 Rad8 26. Qc2 Rd3 27. Qb1 Qc5 28. Rxd3 cxd3 29. Bd1 b4 30. cxb4 Qxb4 31. Ba4 Ra8 32. Qd1 Bxb2 33. Ra2 Rc8 34. Kh2 Rc1 35. Qb3 Be5+ 36. g3 Qe1 0-1